Histoire du Québec par date - Statistics

General Stats
  • This quiz has been taken 30 times
  • The average score is 11 of 15
Answer Stats
Indices Date % Correct
Jacques Cartier fait ses premières explorations du fleuve Saint-Laurent 1534
89%
Le référendum sur la souveraineté du Québec est rejeté de justesse 1995
86%
Visite de Charles de Gaulle au Québec 1967
82%
Samuel de Champlain fonde Québec, le premier établissement français permanent en Amérique 1608
79%
Crise d'Octobre, déclenchée par les actions du Front de libération du Québec (FLQ). 1970
79%
Le droit de vote des femmes au Québec est finalement adopté 1940
75%
Début de la Révolution tranquille suite à l'élection du Parti libéral de Jean Lesage 1960
75%
Le Parti québécois, un parti indépendantiste, remporte les élections provinciales 1976
75%
Fondation de Ville-Marie, future ville de Montréal, par Maisonneuve et Jeanne Mance 1642
68%
Crise d'Oka 1990
68%
Pauline Marois est élue Première ministre du Québec 2012
68%
La première rébellion des patriotes 1837
61%
Début de la période de la "grande noirceur" 1944
57%
Marie-Claire Kirkland-Casgrain est la première femme élue à l'Assemblée nationale du Québec 1961
57%
Adoption de l'Acte d'Union pour unifier le Haut et le Bas-Canada 1840
50%
No matching quizzes found
Score Distribution
Percent of People with Each Score
Percentile by Number Answered
Your Score History
You have not taken this quiz